Portuguese Monarchs Quiz - Statistics

General Stats
  • This quiz has been taken 112 times
  • The average score is 11 of 16
Answer Stats
# Name % Correct
6 John
94%
5 Peter
88%
1 Charles
79%
3 Philip
79%
6 Alphonso
77%
1 Henry
73%
2 Emmanuel
72%
2 Mary
70%
2 Ferdinand
65%
1 Louis
63%
1 Sebastian
61%
1 Edward
60%
1 Denis
59%
2 Sancho
55%
1 Joseph
52%
1 Michael
50%
No matching quizzes found
Score Distribution
Percent of People with Each Score
Percentile by Number Answered
Your Score History
You have not taken this quiz